U.S States With the Letter M - Statistics

General Stats
  • This quiz has been taken 316 times
  • The average score is 13 of 14
Answer Stats
U.S States % Correct
Massachusetts
96%
Michigan
96%
Montana
96%
Maryland
95%
Minnesota
94%
Mississippi
94%
Missouri
92%
Maine
91%
Alabama
89%
New Mexico
88%
New Hampshire
86%
Wyoming
83%
Vermont
82%
Oklahoma
80%
No matching quizzes found
Score Distribution
Percent of People with Each Score
Percentile by Number Answered
Your Score History
You have not taken this quiz